000 01162nam a22003617a 4500
001 0071179
003 KOHA_MİRAKIL
005 20260207004958.0
007 ta
008 240719b2022 tu |||gr||||#0|||0|tur |
020 _a9786057221025
040 _aTR-BiSEU
_btur
_cTR-BiSEU
_erda
041 0 _atur
044 _ctu
050 _aJV6225
_b.S56 2022
245 0 _aSınır güvenliği/
_cderleyen Kübra Betül Biçen Gören.
264 1 _aAnkara :
_bPolis Akademisi Yayınları
_c2022
300 _a247 sayfa: resimli, harita; 21 cm.
336 _ametin
_btxt
_2rdacontent
337 _aaracısız
_bn
_2rdamedia
338 _acilt
_bnc
_2rdacarrier
490 1 _aPolis Akademis Yayınları ;
_v156
500 _aKaynakça bölüm sonlarındadır.
650 0 _aSınır güvenliği.
_9108856
650 0 _aSınır güvenliği--Türkiye.
_9139824
650 0 _aSınır yönetimi--Türkiye.
_9139825
650 0 _aBorder security.
_9139826
650 0 _aBorder security--Türkiye.
_9139827
650 0 _aBorder management--Türkiye.
_9139828
830 1 _aPolis Akademis Yayınları ;
_v156
_9137712
907 _aSiyaset bilimi
942 _2lcc
_cBK
999 _c71927
_d71927